Premosťovanie k budúcnosti

Riaditeľ štátneho podniku Slovenská pošta (SP) Ing. Ján Jasovský o zmenách v poštovej prevádzke v rámci transformácie slovenskej ekonomiky. Odčlenenie SP od telekomunikácií. Interná a externá komunikácia.

Salvato in:
Dettagli Bibliografici
Autore principale: Jasovský, Ján
Altri autori: Herzogová, Emília
Natura: Capitolo di libro
Lingua:slovacco
Soggetti:
Tags: Aggiungi Tag
Nessun Tag, puoi essere il primo ad aggiungerne!!

MARC

LEADER 00000naa a2200000 4500
001 r022923
005 20230801104414.1
041 0 |a slo 
044 |a SK 
245 1 0 |a Premosťovanie k budúcnosti  |c J. Jasovský, Emília Herzogová 
520 |a Riaditeľ štátneho podniku Slovenská pošta (SP) Ing. Ján Jasovský o zmenách v poštovej prevádzke v rámci transformácie slovenskej ekonomiky. Odčlenenie SP od telekomunikácií. Interná a externá komunikácia. 
610 2 0 |a Slovensko 
610 2 0 |a 1996 
610 2 0 |a pošty 
610 2 0 |a Slovenská pošta, š.p. 
610 2 0 |a telekomunikácie 
610 2 0 |a komunikácia 
610 2 0 |a transformácia 
100 1 |a Jasovský, Ján 
700 1 |a Herzogová, Emília